Qui est l'utilisateur PRINCIPAL de cette technique d'Inazuma Eleven? - Statistiques

Statistiques générales
  • Ce quiz a été pris 252 fois
  • Le résultat moyen est 17 sur 35
Statistiques - réponses
Technique Joueur % Correct
Poing de la colère Mark Evans
98%
Instant céleste Byron Love
72%
Morsure sauvage Joseph King
72%
La montagne Jack Wallside
71%
Danse d'éole Nathan Swift
70%
Le typhon Hurley Kane
68%
Éruption solaire Torch
68%
Trou de ver Dvalin
67%
Excalibur Edgar Partinus
66%
Loup légendaire Shawn Froste
66%
Épée d'Odin Paolo Bianchi
64%
Mur de fer Thiago Torres
60%
Cercle d'épées Austin Hobbes
59%
Impact nordique Fox
53%
Tir ricochets Déméter
50%
Cendre noire Tezcat
47%
Coup de soleil Sol Daystar
46%
Clé de sol Riccardo Di Rigo
43%
Fission fusion Beta
42%
Tir surnaturel Victor Blade
42%
Tir katana ancestral Ryoma Nishiki
41%
Tour de la comète Sue Hartland
41%
Arrêt surprise JP Lapin
40%
Ouragan cyclonique Arion Sherwind
39%
Rayon Ganymède Zell
38%
Blizzard du léopard Njord Snio
36%
Tir céleste Sael
34%
Tourbillon aquatique Adé Kébé
31%
Rafale d'Obus Siméon Ayp
31%
Illusion éblouissante Goldie Lemmon
25%
Parade fatale du dragon Terry Archibald
24%
Cerceau piégeant Cerise Blossom
20%
Attaque coup de coeur Mehr
15%
Tir balistique Cronus Fourseasons
14%
Tempête stellaire Ozrock Boldar
11%
Aucun quiz correspondant
Distribution des résultats
% des personnes avec chaque résultat
Percentile par nombre de réponses
Votre historique - résultats
Vous n’avez pas pris ce quiz